Paving the way for Local Housing Allowance (Record no. 79691)

MARC details
000 -LEADER
fixed length control field 01164cab a22001935a 4500
001 - CONTROL NUMBER
control field L141990
008 - FIXED-LENGTH DATA ELEMENTS--GENERAL INFORMATION
fixed length control field 080117s2008 xxk f 000 0 eng d
035 ## - SYSTEM CONTROL NUMBER
System control number (Sirsi) u141990
041 0# - LANGUAGE CODE
Language code of text/sound track or separate title eng
110 2# - MAIN ENTRY--CORPORATE NAME
Corporate name or jurisdiction name as entry element Letting Update Journal
9 (RLIN) 5294
245 00 - TITLE STATEMENT
Title Paving the way for Local Housing Allowance
260 ## - PUBLICATION, DISTRIBUTION, ETC.
Date of publication, distribution, etc. 2008
490 ## - SERIES STATEMENT
Series statement Letting Update Journal
Volume/sequential designation 4(15) January 2008, 31-33(2)
520 ## - SUMMARY, ETC.
Summary, etc. Student Notes article reports on the Local Housing Allowance (LHA), a flat rate allowance which forms the bedrock of the government's Housing Benefit (HB) reform. Entering use in April 2008, LHA is based on the area in which a person lives and the size of the household, but will not alter HB's basic rules based upon income and savings. Rent Officers will set rents, based upon the Local Reference Rents, which will be reviewed regularly. Aims of the LHA include increased fairness and choice for tenants, transparency of HB levels, greater personal responsibility, financial inclusion and improved administration processes.
590 ## - LOCAL NOTE (RLIN)
Local note KA
651 #4 - SUBJECT ADDED ENTRY--GEOGRAPHIC NAME
Geographic name United Kingdom
Chronological subdivision
690 ## - LOCAL SUBJECT ADDED ENTRY--TOPICAL TERM (OCLC, RLIN)
Topical term or geographic name as entry element PROPERTY-RESIDENTIAL PROPERTY-RESIDENTIAL LANDLORD AND TENANT
942 ## - ADDED ENTRY ELEMENTS (KOHA)
Suppress in OPAC 0
Holdings
Withdrawn status Lost status Source of classification or shelving scheme Damaged status Not for loan Home library Current library Shelving location Date acquired Total Checkouts Full call number Barcode Date last seen Copy number Price effective from Koha item type
    Dewey Decimal Classification     London London Journal article 17/01/2008   L141990 141990-1001 06/08/2019 1 06/08/2019 Journal article